000 00686nam a2200217 i 4500
001 30744
003 ES-MaACL
005 20230906154239.0
007 t|
008 030127s1958 sp ||||1| spa d
100 1 _aBell, Maurice.
_927180
245 1 0 _aCentauros, héroes, druidas
_b: (De Thule a las estepas de Asia) /
_cMaurice Bell ; [traducción del francés por J. Miracle].
250 _a[1ª ed. il. con fot.].
260 _a[Barcelona] :
_bAymá,
_c1958 (
_fSalvá)
300 _a216 p. ;
_c19 cm.
490 1 _aColección Odisea
700 1 _aMiracle, J.
_981468
830 0 _aColección Odisea
_9182133
852 _aES-MaACL
_jC-16000
_bR.43748
999 _c30744
_d30744